00665nam a2200193Ia 4500008004100000020001800041082001500059100002800074245007400102250000700176260003300183300003200216500001900248600002700267650001500294942000700309952013800316999001700454240925s9999 xx 000 0 und d a9788184892512 a621.31 AJJ aAjjarapu, Venkataramana 0aComputational Techniques for Voltage Stability Assessment and Control aNA aNew Delhi:bSpringerc,2006. axviii,497p.bN.AfPhotocopy aIncludes Index aEngineering Technology aTechnology cBK 001040708ETaUITUbUITUd2011-04-04ePak Manifesto Enterprisesg1951.10l0o621.31 AJJpQ8700r2024-09-25 07:15:03w2024-09-25yBK c11199d11199